000
00198 a2200097 4500
020
_a
9781400001101
041
_a
spa
100
_a
Michael Crichton
245
_a
Devoradores de cadaveres
942
_c
BK
999
_c
14370
_d
14370